00552nam a2200193 a 4500001001300000003000900013005001700022008004100039020002300080082001800103100001800121245006900139260005000208300000900258500003500267505002900302650000900331700001800340nice12345678IN_TiNIC20260116014211.0050802s2004 newa grp 000 0 eng  a8176487465 c69500a362.1969bMAH aMahmud, Jafar aAIDS in the WorldbGlobal Dimensions, Social Roots and Responses aNew DelhibA.P.H.Publishing Corporationc2004 a319p aincludes index and biblioraphy2 areferences, bibliography aAids1 aMahmud, Jafar